An investigation into the ishchemic preconditioning phenomenon in the adult rat brain following acute cerebral ischemia /
محفوظ في:
| المؤلف الرئيسي: | |
|---|---|
| التنسيق: | أطروحة كتاب |
| اللغة: | English |
| منشور في: |
2001.
|
| الموضوعات: | |
| الوسوم: |
إضافة وسم
لا توجد وسوم, كن أول من يضع وسما على هذه التسجيلة!
|
| LEADER | 00908cam a2200217 a 4500 | ||
|---|---|---|---|
| 001 | u708258 | ||
| 003 | SIRSI | ||
| 008 | 050623s2001 si a v eng m | ||
| 035 | |a a708258 | ||
| 040 | |a UMP | ||
| 096 | |a QV4 |b NUSP 2001 Chi | ||
| 100 | 1 | 0 | |a Chimon, Ghislain Nevil. |
| 245 | 1 | 3 | |a An investigation into the ishchemic preconditioning phenomenon in the adult rat brain following acute cerebral ischemia / |c Ghislain Nevil Chimon. |
| 260 | |c 2001. | ||
| 300 | |a xvii, 238 leaves : |b ill. ; |c 30 cm. | ||
| 502 | |a Thesis (Ph.D.) -- Department of Pharmacology, Faculty of Medicine, National University of Singapore, 2001. | ||
| 504 | |a Bibliography: leaves 203-238 | ||
| 650 | 2 | |a Ischemic Preconditioning. | |
| 710 | 2 | 0 | |a National University of Singapore. |b Dept. of Pharmacology. |
| 596 | |a 2 | ||
| 999 | |a QV4 NUSP 2001 CHI |w NLM |c 1 |i A503057605 |d 23/5/2019 |e 21/5/2019 |f 3/7/2007 |g 1 |l STACKS |m P02MEDKL |n 1 |r Y |s Y |t TESIS |u 3/7/2007 | ||
